| 000 | 00457nam a2200169Ia 4500 | ||
|---|---|---|---|
| 003 | GCL | ||
| 008 | 140319s9999 xx 000 0 eng d | ||
| 040 |
_aGCL / _cGCL |
||
| 082 | 0 | 4 |
_a673.7225 _bM H |
| 100 | 1 | _aMACDONALD, FIONA | |
| 245 | 1 | 0 |
_aHAND BOOK OF ALUMINUM BONDING TECHNOLOGY AND DATE / _cMACDONALD, FIONA |
| 260 |
_a[S.N] : _bABT AKVERT SKIRA S.A ، _c1993 |
||
| 300 | _a790 P | ||
| 650 | 0 | 4 | _aTECHNOLOGY |
| 650 | 0 | 4 | _aALUMINUM |
| 942 |
_2ddc _cBK |
||
| 999 |
_c17185 _d17185 |
||